000 00592nam a22002177a 4500
003 UA-OsUOA
001 95416
007 ta
008 20130227b un ||||| |||| 00| 0 ukr d
090 _a821.161.3
_bС91
942 _cBK
040 _aUA-OsUOA
_bukr
_cUA-OsUOA
_dUA-OsUOA
245 _aСучасна білоруська повість
_cУпоряд. Жук О.
300 _a333 с.
955 _a3
041 _aukr
080 _a821.161.3
260 _aК.
_bДніпро
_c1984
650 7 _a82 Література. Літературознавство
_2UDC
999 _c381666
_d381666